Delitos ecológicos /
Guardado en:
| Autor Principal: | |
|---|---|
| Formato: | Libro |
| Idioma: | Spanish |
| Publicado: |
Buenos Aires :
Depalma,
1993.
|
| Materias: | |
| Etiquetas: |
Agregar Etiqueta
Sin Etiquetas, Sea el primero en etiquetar este registro!
|
| LEADER | 00444nam a22001575a 4500 | ||
|---|---|---|---|
| 001 | DER.der013892 | ||
| 008 | 080718s1993####ag############000#0#spa#d | ||
| 005 | 20251218140828.0 | ||
| 245 | 1 | 0 | |a Delitos ecológicos / |c Mauricio Libster. |
| 260 | |a Buenos Aires : |b Depalma, |c 1993. | ||
| 300 | |a 311 p. | ||
| 020 | |a 9501407330 | ||
| 100 | 1 | |a Libster, Mauricio. | |
| 650 | 4 | |a DERECHOS AMBIENTALES | |
| 650 | 4 | |a Delito | |
| 859 | |a DERECHO |b BIB. DERECHO |h 344.046 |i LIB |p 009834 | ||
